000
00332nam a22001457a 4500
003
OSt
005
20160727222359.0
008
160623b xxu||||| |||| 00| 0 eng d
040
_c
Test
100
_9
635
_a
Misra, O. K
245
_a
The Golden Light
260
_a
Delhi
_b
Navdeep
_c
1999
300
_a
The Golden Light
942
_2
ddc
_c
BK
999
_c
519
_d
519